000 00663nam a22001817a 4500
003 BUBTL
008 191026b xxu||||| |||| 00| 0 eng d
020 _a984-70145-0107-0
082 _a891.443 / BAO
100 _92266
_aবন্দ্যোপাধ্যায়, মানিক
245 _aঅহিংসা /
_cমানিক বন্দ্যোপাধ্যায়
260 _aঢাকা :
_bদি স্কাই পাবলিশার্স,
_cc2013
300 _a144 p. :
_c22 cm.
650 0 _91687
_aবাংলা সাহিত্য
856 _k0
_l0
_yDownload
942 _2ddc
_cBK
999 _c6132
_d6132